| 000 | 01719nam a2200421Ii 4500 | ||
|---|---|---|---|
| 001 | DIGBOSCH0329 | ||
| 003 | NyNyDIG | ||
| 006 | m o d | ||
| 007 | cr ||||||||||| | ||
| 008 | 230411s2022 sp ob 000 0 por d | ||
| 035 | _a(OCoLC)1347695331 | ||
| 040 |
_aDGITA _beng _erda _epn _cDGITA |
||
| 020 |
_a9788419045751 _qdigital |
||
| 020 |
_z9788419045744 _qpapel |
||
| 050 | 1 | 4 | _aK3253 ebook |
| 100 | 1 |
_aPáez Bimos, Pedro Martín, _eauthor. |
|
| 245 | 1 | 0 |
_aProtesta social, derecho punitivo y derechos fundamentales : _blegalidad y legitimidad de la libertad ciudadana / _cPedro Martín Páez Bimos ; prólogo, Victoria García del Blanco. |
| 264 | 1 |
_aBarcelona : _bJ.M. Bosch Editor, _c2022. |
|
| 300 | _a1 online resource. | ||
| 336 |
_atext _btxt _2rdacontent |
||
| 337 |
_acomputer _bc _2rdamedia |
||
| 338 |
_aonline resource _bcr _2rdacarrier |
||
| 347 |
_atext file _2rdaft |
||
| 347 | _bPDF | ||
| 504 | _aIncludes bibliographical references. | ||
| 588 | 0 | _aOnline resource; title from PDF title page (Digitalia, viewed April 11, 2023) | |
| 650 | 0 | _aProtest movements. | |
| 650 | 0 | _aAssembly, Right of. | |
| 650 | 0 |
_aDemonstrations _xLaw and legislation. |
|
| 650 | 0 | _aFreedom of expression. | |
| 700 | 1 |
_aGarcía del Blanco, Victoria, _econtributor agent of text. |
|
| 791 | 2 |
_aDigitalia (Firm), _edistributor. |
|
| 793 | 0 |
_gDigitalia eBook Collection: _aBosch Editor |
|
| 776 | 0 | 8 |
_iPrint version: _aPáez Bimos, Pedro Martín. _tProtesta social, derecho punitivo y derechos fundamentales. _dBarcelona : J.M. Bosch Editor, 2022 _z9788419045744 |
| 856 | 4 | 0 |
_3Digitalia Hispánica _uhttps://www.digitaliapublishing.com/a/119143/ |
| 910 | _aPremium collection: 2023 | ||
| 942 | _cRAA | ||
| 999 |
_c275936 _d275936 |
||